Incollable #46 - Histoire - Statistiques

Statistiques générales
  • Ce quiz a été pris 679 fois
  • Le résultat moyen est 6 sur 11
Statistiques - réponses
Niveaux Questions Réponses % Correct
CP Paul a 9 ans, Julie a 6 ans et Karim a 11 ans. Qui est l’aîné ? Karim
100%
CM2 De qui Charlie Chaplin se moquait-il dans son film Le Dictateur en 1940 ? Adolf Hitler
82%
CE1 Quelle est la dernière heure d’une journée ? Minuit
65%
CM2 Quel mot commençant par « CO », désigne la politique d’entente entre l’Allemagne nazie et la France de Vichy ? La collaboration
63%
Collège Comment appelle-t-on le temple d’Athéna sur l’Acropole ? Le Parthénon
58%
CE2 Comment appelait-on les prêtres gaulois ? Les druides
57%
CM1 À quoi l’Édit de Nantes a mis fin en 1598 ? Aux guerres de Religion
45%
CM1 En quatre lettres: terre accordée par le seigneur à son vassal. Fief
32%
Collège Quel homme politique français était surnommé le « Père de la Victoire » ? Georges Clemenceau
28%
Lycée Dans quelle région s’est développée la civilisation sumérienne ? La Mésopotamie
24%
Lycée Au Moyen-Âge, comment appelait-on une association de marchands ? Une hanse
4%
Aucun quiz correspondant
Distribution des résultats
% des personnes avec chaque résultat
Percentile par nombre de réponses
Votre historique - résultats
Vous n’avez pas pris ce quiz